MARC

LEADER 00000nam0a2200000 4500
001 134593
005 20231031135727.0
035 |a (RuTPU)RU\TPU\book\145897 
090 |a 134593 
100 |a 20080401d1978 m y0rusy50 ca 
101 0 |a rus 
102 |a RU 
105 |a a z 001zy 
200 1 |a Простые опыты с ультразвуком  |f В. В. Майер 
210 |a Москва  |c Наука  |d 1978 
215 |a 160 с.  |c ил. 
225 1 |a Библиотечка физико-математической школы. Физика 
320 |a Библиография в конце книги. 
610 1 |a ультразвук 
610 1 |a опыты 
610 1 |a получение 
675 |a 534-8  |v 3 
700 1 |a Майер  |b В. В.  |g Валерий Вильгельмович 
801 1 |a RU  |b 63413507  |c 20080401  |g PSBO 
801 2 |a RU  |b 63413507  |c 20090217  |g PSBO 
942 |c BK